Statistics for World Capitals Closest to Rabat

Click here to take the quiz!

General Stats

  • This quiz has been taken 538 times
  • The average score is 17 of 21

Answer Stats

kmcapitalmiles% Correct
771Madrid479
98%
567Lisbon352
96%
1576Tunis979
96%
952Algiers592
94%
1905Rome1184
93%
1824Paris1134
91%
1865Tripoli1159
88%
1880Berne1168
85%
1644Monaco1022
84%
1199Andorra la Vella745
82%
1999San Marino1242
81%
2088Brussels1297
79%
1905Vatican City1184
79%
2254Amsterdam1400
76%
2027London1259
76%
1958Valletta1217
75%
2010Vaduz1249
73%
2042Luxembourg1269
72%
2159Dublin1341
69%
1983Nouakchott1232
63%
2254Ljubljana1400
53%

Score Distribution

Percentile by Number Answered

Percent of People with Each Score

Your Score History

You have not taken this quiz